Statistieken voor Raad de voetbal tenues.

Klik hier om de quiz te nemen!

Algemene statistieken

  • Deze quiz is 265 keer genomen
  • De gemiddelde score is 41 van 70

Antwoordstatistieken

Antwoord% Correct
Nederland
92%
Argentinië
89%
Brazilië
89%
Kroatië
88%
Spanje
87%
België
85%
Frankrijk
84%
Duitsland
83%
Engeland
83%
Wales
83%
Colombia
82%
Italië
82%
Zweden
82%
Turkije
80%
Uruguay
79%
Finland
78%
Japan
77%
Noorwegen
77%
Zwitserland
77%
Nigeria
76%
Polen
75%
Marokko
74%
Canada
73%
Iran
72%
Ierland
70%
Qatar
69%
China
67%
Mexico
65%
Nieuw-Zeeland
65%
Schotland
65%
Ghana
64%
Amerika
63%
Australië
63%
Slovenië
63%
Kameroen
62%
Denemarken
61%
Peru
60%
Chili
58%
Griekenland
58%
Oekraïne
58%
Senegal
58%
Ecuador
56%
IJsland
56%
Hongarije
55%
Servië
55%
Zuid-Korea
53%
Noord-Ierland
52%
Egypte
50%
Bulgarije
48%
Honduras
46%
San Marino
45%
Tunesië
45%
Bosnië en Herzegovina
44%
Cyprus
42%
Roemenië
42%
Saudi-Arabië
41%
Costa Rica
40%
Kenia
40%
India
38%
Gabon
37%
Zuid-Afrika
34%
Luxemburg
31%
Algerije
28%
Malta
27%
Slovakije
27%
Bolivia
25%
Wit-Rusland
21%
Hatï
6%
Botswana
5%
Turkmenistan
5%

Scoreverdeling

Percentiel versus Aantal Correcte Antwoorden

Procent van Mensen met Elke Score

Uw Scoregeschiedenis

U heeft deze quiz nog niet genomen